Management veřejné správy teorie a praxe
Salvato in:
| Autore principale: | |
|---|---|
| Ente Autore: | |
| Altri autori: | , |
| Natura: | Libro |
| Lingua: | ceco |
| Pubblicazione: |
Praha
EKOPRESS
2003
|
| Soggetti: | |
| Tags: |
Nessun Tag, puoi essere il primo ad aggiungerne!!
|
MARC
| LEADER | 00000nam$a2200000$$$4500 | ||
|---|---|---|---|
| 001 | 0007566 | ||
| 005 | 20240306141508.7 | ||
| 020 | |a 80-86119-70-X | ||
| 041 | 0 | |a cze | |
| 044 | |a CZ | ||
| 245 | 1 | 0 | |a Management veřejné správy |b teorie a praxe |c Glen Wright, Juraj Nemec ; přeložili: František Ochrana ... [et al.] |
| 264 | 1 | |a Praha |b EKOPRESS |c 2003 | |
| 300 | |a 419 s. | ||
| 610 | 2 | 0 | |a správa verejná |
| 610 | 2 | 0 | |a riadenie |
| 610 | 2 | 0 | |a manažment |
| 610 | 2 | 0 | |a sektor verejný |
| 610 | 2 | 0 | |a vzdelávanie |
| 610 | 2 | 0 | |a manažéri |
| 610 | 2 | 0 | |a štúdie prípadové |
| 610 | 2 | 0 | |a manažment strategický |
| 610 | 2 | 0 | |a rozhodovanie strategické |
| 610 | 2 | 0 | |a plánovanie strategické |
| 610 | 2 | 0 | |a manažment personálny |
| 610 | 2 | 0 | |a východná Európa |
| 610 | 2 | 0 | |a stredná Európa |
| 610 | 2 | 0 | |a riadenie ľudských zdrojov |
| 610 | 2 | 0 | |a riadenie personálne |
| 610 | 2 | 0 | |a manažment finančný |
| 610 | 2 | 0 | |a rozpočtovanie |
| 610 | 2 | 0 | |a manažment informačný |
| 100 | 1 | |a Wright, Glen | |
| 700 | 1 | |a Nemec, Juraj | |
| 700 | 1 | |a Ochrana, František | |
| 710 | 2 | |a NISPAcee | |